Pasyon and Revolution : (Record no. 118252)
[ view plain ]
| 000 -LEADER | |
|---|---|
| fixed length control field | 00575nam a2200169Ia 4500 |
| 008 - FIXED-LENGTH DATA ELEMENTS--GENERAL INFORMATION | |
| fixed length control field | 140609s9999 xx 000 0 und d |
| 020 ## - INTERNATIONAL STANDARD BOOK NUMBER | |
| International Standard Book Number | 9789715502320 |
| 050 ## - LIBRARY OF CONGRESS CALL NUMBER | |
| Classification number | DS 674 |
| Item number | .Il35 1979 |
| 100 ## - MAIN ENTRY--PERSONAL NAME | |
| Personal name | Ileto, Reynaldo Clemeña. |
| 245 ## - TITLE STATEMENT | |
| Title | Pasyon and Revolution : |
| Remainder of title | popular movements in the Philippines / |
| Statement of responsibility, etc | Reynaldo Clemeña Ileto, |
| 260 ## - PUBLICATION, DISTRIBUTION, ETC. (IMPRINT) | |
| Place of publication, distribution, etc | Quezon, Philippines : |
| Name of publisher, distributor, etc | Ateneo de Manila University Press, |
| Date of publication, distribution, etc | c1979. |
| 300 ## - PHYSICAL DESCRIPTION | |
| Extent | 280 p. : |
| Other physical details | ill. ; |
| Dimensions | 22 cm. |
| 500 ## - GENERAL NOTE | |
| General note | ncludes bibliographical references and index. |
| 521 ## - TARGET AUDIENCE NOTE | |
| Target audience note | |
| 942 ## - ADDED ENTRY ELEMENTS (KOHA) | |
| Call number prefix | Local |
| Koha item type | Books |
| Withdrawn status | Lost status | Damaged status | Home library | Current library | Shelving location | Date acquired | Total Checkouts | Full call number | Barcode | Date last seen | Price effective from | Koha item type |
|---|---|---|---|---|---|---|---|---|---|---|---|---|
| College Library | College Library | Filipiniana Section | 06/09/2014 | DS 674 .Il35 1979 | C18540 | 05/08/2018 | 06/09/2014 | Books |